| 000 | 00436cam a2200169ua 4500 | ||
|---|---|---|---|
| 041 |
_aeng _h |
||
| 082 |
_a823.308 _bDIC/BA |
||
| 100 | _aDickens, Charles. | ||
| 245 |
_aBarnaby Rudge / _cCharles Dickens. _hTextual Documents |
||
| 260 |
_aLondon : _bGinn and company Ltd , _c1965. |
||
| 300 | _a180 ; . | ||
| 440 | 0 |
_aShorter classics, _v _x; |
|
| 490 | 0 |
_aShorter classics, _v _x; |
|
| 504 | _a | ||
| 942 | _cBK | ||
| 999 |
_c5080 _d5080 |
||